Microgeneration (Record no. 109690)
[ view plain ]
| 000 -LEADER | |
|---|---|
| fixed length control field | 01303cad a22002415a 4500 |
| 001 - CONTROL NUMBER | |
| control field | E147701 |
| 008 - FIXED-LENGTH DATA ELEMENTS--GENERAL INFORMATION | |
| fixed length control field | 090605e20090318xxkb f s000 0 eng d |
| 035 ## - SYSTEM CONTROL NUMBER | |
| System control number | (Sirsi) u147701 |
| 041 0# - LANGUAGE CODE | |
| Language code of text/sound track or separate title | eng |
| 050 04 - LIBRARY OF CONGRESS CALL NUMBER | |
| Classification number | 333.72 $2 18 |
| 100 1# - MAIN ENTRY--PERSONAL NAME | |
| Personal name | Roth, Lenny |
| 245 00 - TITLE STATEMENT | |
| Title | Microgeneration |
| Medium | [electronic resource] |
| 260 ## - PUBLICATION, DISTRIBUTION, ETC. | |
| Place of publication, distribution, etc. | Edinburgh |
| Name of publisher, distributor, etc. | Scottish Parliament |
| Date of publication, distribution, etc. | 2009 |
| 490 #0 - SERIES STATEMENT | |
| Series statement | SPICe Briefing |
| Volume/sequential designation | (09/20) 18 March 2009 |
| 505 2# - FORMATTED CONTENTS NOTE | |
| Formatted contents note | Key points of this briefing -- Introduction -- Technologies -- Number of installations -- Barriers to wider uptake -- Scottish Government policy -- UK Government policy -- Sarah Boyack's proposed bill -- Recent research reports -- Sources |
| 520 ## - SUMMARY, ETC. | |
| Summary, etc. | Examines issues in relation to microgeneration, including the technology involved, potential for reducing emissions, and reasons why microgeneration has not been more widely adopted. Also looks at policies of the UK and Scottish Governments in relation to microgeneration and discusses recent research reports on the topic. |
| 521 ## - TARGET AUDIENCE NOTE | |
| Target audience note | Advanced |
| 590 ## - LOCAL NOTE (RLIN) | |
| Local note | KA |
| 651 #4 - SUBJECT ADDED ENTRY--GEOGRAPHIC NAME | |
| Geographic name | Scotland |
| Chronological subdivision | 1999- |
| 690 ## - LOCAL SUBJECT ADDED ENTRY--TOPICAL TERM (OCLC, RLIN) | |
| Topical term or geographic name as entry element | ENVIRONMENTAL AND LAND CONSULTANCY-ENERGY |
| 856 40 - ELECTRONIC LOCATION AND ACCESS | |
| Uniform Resource Identifier | <a href="https://www.scottish.parliament.uk/business/research/subject/EnvEne.htm">https://www.scottish.parliament.uk/business/research/subject/EnvEne.htm</a> |
| Public note | View the briefing free of charge at www.scottish.parliament.uk... |
| 942 ## - ADDED ENTRY ELEMENTS (KOHA) | |
| Suppress in OPAC | 0 |
| Withdrawn status | Lost status | Source of classification or shelving scheme | Damaged status | Not for loan | Home library | Current library | Shelving location | Date acquired | Total Checkouts | Full call number | Barcode | Date last seen | Copy number | Price effective from | Koha item type |
|---|---|---|---|---|---|---|---|---|---|---|---|---|---|---|---|
| Dewey Decimal Classification | Virtual | Virtual | Online | 05/06/2009 | ONLINE PUBLICATION | 147701-2001 | 06/08/2019 | 1 | 06/08/2019 | Book |